00812 a2200181 45000010006000000050017000060080041000230030015000640400040000790800037001192450027001560200018001832640033002013000019002345050342002530410008005951000027006034098520260407155703.0260407a1981 arg spa dAR-UNSa-BCEJYS aAR-UNSa-BCEJYSbspacAR-UNSa-BCEJYS a911.3:32xGeografía política10aGeografía Política a84-281-0472-7 1aBarcelona :bOikos-tauc1981 a161 p.c21 cm. aParte I: La geografía y el estado: 1. El territorio político - 2. El estado nacional - Parte II: Política pública y geografía : 1. La organización local y regional - 2. El comportamiento electoral - Parte III: Geografía y asuntos internacionales : 1. El espacio acuático, aéreo y cósmico - 2. El sistema internacional aspa1 aSanguin, André-Louis